Alphabet value Quiz Stats

 Plays Quiz not verified by Sporcle

Also try: Word Hourglass XVI
Challenge
Share
Tweet
Embed
Score 0/26 Timer 02:00
0 Plays Today
Hint Answer % Correct
A1
91.7%
L12
91.7%
I9
87.5%
M13
87.5%
B2
83.3%
C3
83.3%
D4
83.3%
E5
83.3%
F6
83.3%
G7
83.3%
H8
83.3%
K11
83.3%
N14
83.3%
Hint Answer % Correct
O15
83.3%
P16
83.3%
T20
83.3%
U21
83.3%
V22
83.3%
Y25
83.3%
Z26
83.3%
J10
79.2%
Q17
79.2%
R18
79.2%
S19
79.2%
W23
79.2%
X24
79.2%

You're not logged in!

Compare scores with friends on all Sporcle quizzes.
Join for Free
OR
Log In

You Might Also Like...

Show Comments

Extras

Created Sep 5, 2014ReportNominate
Tags:Alphabet Quiz, Letter Quiz

Top Quizzes Today


Score Distribution

Your Account Isn't Verified!

In order to create a playlist on Sporcle, you need to verify the email address you used during registration. Go to your Sporcle Settings to finish the process.

Report this User

Report this user for behavior that violates our Community Guidelines.

Details: